000 00564nam a22002053a 4500
005 20240803063715.0
008 010531s1996 mx fr 000 0 spa d
020 _a9681902777
035 _aUPN01000116895
049 _aI
050 4 _aPZ74.2
_bG3.3
100 1 _aGarrido, Felipe,
_d1942-
_931030
245 1 3 _aEl coyote tonto /
_cil. de Francisco González.
260 _aMéxico :
_bAlfaguara,
_c1996.
300 _a59 p. :
_bil.
521 _aDesde 6 años. Infantil.
650 4 _aFábulas
_98251
650 4 _aCuentos infantiles
_96744
905 _aInfantil
999 _c89537
_d89537